UK Cities: No Vowels. - Statistics

General Stats
  • This quiz has been taken 211 times
  • The average score is 25 of 27
Answer Stats
Hint Answer % Correct
BRMNGHM Birmingham
99%
MNCHSTR Manchester
99%
YRK York
99%
LVRPL Liverpool
98%
LNDN London
98%
SHFFLD Sheffield
98%
BLFST Belfast
97%
BRSTL Bristol
97%
CMBRDG Cambridge
97%
NTTNGHM Nottingham
97%
CRDFF Cardiff
96%
LDS Leeds
96%
NRWCH Norwich
96%
XFRD Oxford
96%
DRBY Derby
94%
PLYMTH Plymouth
94%
CHSTR Chester
93%
BRDFRD Bradford
92%
LCSTR Leicester
90%
WLVRHMPTN Wolverhampton
90%
DRHM Durham
89%
DNBRGH Edinburgh
89%
BTH Bath
87%
HRFRD Hereford
86%
PRSTN Preston
83%
WKFLD Wakefield
83%
SLFRD Salford
71%
No matching quizzes found
Score Distribution
Percent of People with Each Score
Percentile by Number Answered
Your Score History
You have not taken this quiz